00454pab a2200145 454500008004000000100002400040245008800064260000900152300001300161362001100174650003400185650003300219650002200252773003400274180718b2015 xxu||||| |||| 00| 0 eng d aAmarasuriya, Harini aProtests and counter protests: Competing civil society spaces in post-war Sri Lanka c2015 ap.49-55. a28 Feb aProtest movements - Sri Lanka aSocial movements - Sri Lanka aProtest movements aEconomic and Political Weekly